Rentabilita pay per click kampane

Salvato in:
Dettagli Bibliografici
Autore principale: Hajduová, Zuzana, 1974-
Natura: Capitolo di libro
Lingua:slovacco
Soggetti:
Tags: Aggiungi Tag
Nessun Tag, puoi essere il primo ad aggiungerne!!

MARC

LEADER 00000nla a2200000 4500
001 0214605
005 20240502073604.6
041 0 |a slo 
044 |a SK 
245 1 0 |a Rentabilita pay per click kampane  |c Zuzana Hajduová 
500 |a Abstrakt 
610 2 0 |a obchod elektronický 
610 2 0 |a reklama 
610 2 0 |a kampane reklamné 
610 2 0 |a metódy propagačné 
610 2 0 |a psychológia reklamy 
610 2 0 |a umiestňovanie produktov 
100 1 |a Hajduová, Zuzana, 1974-